000 00217nam a22000857a 4500
008 161227b xxu||||| |||| 00| 0 eng d
100 _92189
_aGupta .S.P
245 _aWork Book SSTGeography-7
260 _aNew Delhi
_bAPC
_c2011
999 _c5078
_d5078